[Event "Titled Tuesday intern op 23rd Jan Late"]
[Site "Chess.com INT"]
[Date "2024.01.23"]
[Round "6"]
[White "Keller, Peter1"]
[Black "Mokshanov, Alexey"]
[Result "0-1"]
[WhiteElo "2289"]
[BlackElo "2342"]
[PlyCount "50"]
[EventDate "2024.01.23"]
[EventType "swiss (blitz)"]
[EventRounds "11"]
[EventCountry "USA"]
[SourceTitle "CB05_2024"]
[SourceDate "2024.01.31"]
[SourceVersion "1"]
[SourceVersionDate "2024.01.31"]
[SourceQuality "1"]

1. e4 e6 2. d4 d5 3. Nc3 Nf6 4. e5 Nfd7 5. f4 c5 6. Nf3 Nc6 7. Be3 Be7 8. Qd2 0-0 9. dxc5 Bxc5 10. 0-0-0 Qa5 11. Kb1 Rb8 12. Nd4 Nxd4 13. Bxd4 Bxd4 14. Qxd4 b5 15. Bd3 b4 16. Ne2 Ba6 17. h4 Bxd3 18. Rxd3 Nc5 19. Re3 Ne4 20. h5 h6 21. g4 Rfc8 22. b3 Nc3+ 23. Nxc3 bxc3 24. Rhh3 Rc4 25. Qd3 Qa3 0-1

[Event "Titled Tuesday intern op 23rd Jan Late"]
[Site "Chess.com INT"]
[Date "2024.01.23"]
[Round "10"]
[White "Mokshanov, Alexey"]
[Black "Weisz, Bryan"]
[Result "1-0"]
[WhiteElo "2342"]
[BlackElo "1995"]
[PlyCount "43"]
[EventDate "2024.01.23"]
[EventType "swiss (blitz)"]
[EventRounds "11"]
[EventCountry "USA"]
[SourceTitle "CB05_2024"]
[SourceDate "2024.01.31"]
[SourceVersion "1"]
[SourceVersionDate "2024.01.31"]
[SourceQuality "1"]

1. e4 c6 2. d4 d5 3. e5 Bf5 4. h4 Qb6 5. g4 Bd7 6. c3 c5 7. dxc5 Qc7 8. f4 h5 9. gxh5 Nh6 10. Be3 Ng4 11. Bd4 f6 12. Na3 fxe5 13. Nb5 Qc8 14. fxe5 Rxh5 15. Nf3 Nc6 16. Qe2 a6 17. Na3 Qc7 18. 0-0-0 Nh6 19. e6 Bc8 20. Ng5 Qf4+ 21. Be3 Qe5 22. Qxh5+ 1-0

[Event "Titled Tuesday intern op 23rd Jan Late"]
[Site "Chess.com INT"]
[Date "2024.01.23"]
[Round "11"]
[White "Toktomushev, Teimur"]
[Black "Mokshanov, Alexey"]
[Result "0-1"]
[WhiteElo "2249"]
[BlackElo "2342"]
[PlyCount "98"]
[EventDate "2024.01.23"]
[EventType "swiss (blitz)"]
[EventRounds "11"]
[EventCountry "USA"]
[SourceTitle "CB05_2024"]
[SourceDate "2024.01.31"]
[SourceVersion "1"]
[SourceVersionDate "2024.01.31"]
[SourceQuality "1"]

1. d4 d5 2. c4 e6 3. Nc3 Nf6 4. cxd5 exd5 5. Bg5 Be7 6. e3 0-0 7. Bd3 c6 8. Qc2 Nbd7 9. Nf3 Re8 10. 0-0 Nf8 11. Ne5 N6d7 12. Bxe7 Qxe7 13. Nxd7 Bxd7 14. Rae1 Qg5 15. f3 Rac8 16. Qf2 Qf6 17. e4 dxe4 18. fxe4 Qxf2+ 19. Kxf2 c5 20. d5 Ng6 21. Bb1 b5 22. Rd1 b4 23. Ne2 Bb5 24. Rfe1 Bxe2 25. Rxe2 Ne5 26. Bc2 Red8 27. b3 Kf8 28. Bd3 Ke7 29. Bb5 Kd6 30. h3 Rb8 31. Ba4 Rb6 32. Ke3 Ra6 33. Rc2 Rb8 34. Rdc1 Ra5 35. Rd1 f6 36. g4 c4 37. Kf4 c3 38. h4 Rf8 39. g5 fxg5+ 40. Kxg5 Rc5 41. h5 Rc7 42. Kh4 Rf4+ 43. Kg3 Rcf7 44. Kh3 Rg4 45. Re1 Rf3+ 46. Kh2 Rg5 47. Ree2 Rf4 48. Rg2 Nf3+ 49. Kh3 Rh4# 0-1

[Event "Titled Tuesday intern op 26th Sep Early"]
[Site "Chess.com INT"]
[Date "2023.09.26"]
[Round "4"]
[White "Mokshanov, Alexey"]
[Black "Zhigalko, Sergei"]
[Result "0-1"]
[WhiteElo "2342"]
[BlackElo "2572"]
[PlyCount "164"]
[EventDate "2023.09.26"]
[EventType "swiss (blitz)"]
[EventRounds "11"]
[EventCountry "USA"]
[SourceTitle "EXT 2024"]
[Source "ChessBase"]
[SourceDate "2023.10.10"]
[SourceVersion "1"]
[SourceVersionDate "2023.10.10"]
[SourceQuality "1"]

1. e4 c5 2. Nf3 Nc6 3. Bb5 Nf6 4. Bxc6 dxc6 5. Nc3 Bg4 6. h3 Bh5 7. d3 Qc7 8. Be3 Nd7 9. g4 Bg6 10. Qd2 e5 11. Nh4 0-0-0 12. 0-0-0 f6 13. Nxg6 hxg6 14. h4 Bd6 15. h5 g5 16. Ne2 Nf8 17. Ng3 Ne6 18. Nf5 Rd7 19. Kb1 Rhd8 20. Qc3 Bf8 21. Qb3 Re8 22. f3 b5 23. a4 a6 24. axb5 cxb5 25. c4 Qc6 26. Kc2 Red8 27. Rd2 Kb7 28. Ra1 Rc7 29. Ra5 Qb6 30. Qa2 Nd4+ 31. Bxd4 cxd4 32. b3 Bb4 33. Ra3 a5 34. Kd1 Ra8 35. Rc2 a4 36. bxa4 Bxa3 37. Qxa3 Rxa4 38. Qf8 bxc4 39. Nd6+ Ka7 40. Nxc4 Qb1+ 41. Kd2 Ra2 42. Rxa2+ Qxa2+ 43. Kd1 Qb1+ 44. Kd2 Qa2+ 45. Kd1 Qb3+ 46. Kd2 Qc3+ 47. Ke2 Rxc4 48. dxc4 Qxc4+ 49. Kf2 Qc2+ 50. Kg3 Qc7 51. Qb4 Qd7 52. Qc5+ Kb7 53. Qb4+ Kc7 54. Qc5+ Kb8 55. Qb4+ Kc8 56. Qc5+ Kb7 57. Qb4+ Ka6 58. Qa3+ Kb5 59. Qb3+ Ka5 60. Qa3+ Qa4 61. Qc5+ Qb5 62. Qa3+ Kb6 63. Qd6+ Qc6 64. Qb4+ Ka6 65. Qa3+ Kb7 66. Qb4+ Ka7 67. Qa3+ Kb6 68. Qb4+ Qb5 69. Qd6+ Ka5 70. Qa3+ Qa4 71. Qc5+ Ka6 72. Qd6+ Kb5 73. Qd7+ Kb4 74. Qxg7 d3 75. Qf8+ Kc3 76. Qd8 d2 77. h6 Qd4 78. Qxd4+ Kxd4 79. h7 d1Q 80. Kg2 Qe2+ 81. Kg3 Qe1+ 82. Kg2 Qh4 0-1

[Event "Titled Tuesday intern op 26th Sep Early"]
[Site "Chess.com INT"]
[Date "2023.09.26"]
[Round "3"]
[White "Zenin, Dmitri"]
[Black "Mokshanov, Alexey"]
[Result "0-1"]
[WhiteElo "2163"]
[BlackElo "2342"]
[PlyCount "92"]
[EventDate "2023.09.26"]
[EventType "swiss (blitz)"]
[EventRounds "11"]
[EventCountry "USA"]
[SourceTitle "EXT 2024"]
[Source "ChessBase"]
[SourceDate "2023.10.10"]
[SourceVersion "1"]
[SourceVersionDate "2023.10.10"]
[SourceQuality "1"]

1. d4 d5 2. c4 e6 3. Nc3 Nf6 4. cxd5 exd5 5. Bg5 Be7 6. e3 0-0 7. Bd3 c6 8. Nge2 Nbd7 9. 0-0 Re8 10. a4 a5 11. Kh1 Nf8 12. f3 Nh5 13. Bxe7 Qxe7 14. e4 dxe4 15. fxe4 Bg4 16. Qd2 Ne6 17. Qe3 Qh4 18. Rae1 Rad8 19. Bc4 Re7 20. e5 Bxe2 21. Nxe2 Nxd4 22. Nf4 Nf5 23. Qh3 Nxf4 24. Qxh4 Nxh4 25. Rxf4 Ng6 26. Rf5 Nxe5 27. h3 Rde8 28. Bb3 Kh8 29. Rd1 f6 30. Rf4 Rd7 31. Rxd7 Nxd7 32. Rd4 Re7 33. Kh2 g6 34. Bd1 Kg7 35. b4 axb4 36. Rxb4 Nc5 37. a5 f5 38. Bf3 Kf6 39. h4 Ke5 40. Rc4 Kd6 41. Rd4+ Kc7 42. Rc4 Ne4 43. Rb4 Re5 44. Ra4 Nd2 45. Bd1 Re1 46. Bc2 Nf1+ 0-1

[Event "RUS-chT2"]
[Site "Sochi"]
[Date "2023.05.02"]
[Round "2.3"]
[White "Kalegin, Evgenij"]
[Black "Mokshanov, Alexey"]
[Result "1/2-1/2"]
[WhiteElo "2383"]
[BlackElo "2374"]
[PlyCount "42"]
[EventDate "2023.05.01"]
[EventType "team-swiss"]
[EventRounds "9"]
[EventCountry "RUS"]
[SourceTitle "CBM 214 Extra"]
[Source "ChessBase"]
[SourceDate "2023.07.31"]
[SourceVersion "1"]
[SourceVersionDate "2023.07.31"]
[SourceQuality "1"]
[WhiteTeam "Russia Veterans"]
[BlackTeam "Samara Zhiguli"]
[WhiteTeamCountry "RUS"]
[BlackTeamCountry "RUS"]

1. e4 e6 2. d4 d5 3. Nc3 Nf6 4. e5 Nfd7 5. f4 c5 6. Nf3 Nc6 7. Be3 Be7 8. Qd2 0-0 9. Be2 b6 10. Nd1 cxd4 11. Nxd4 Nxd4 12. Bxd4 Nc5 13. Nf2 f5 14. exf6 Bxf6 15. 0-0 Bxd4 16. Qxd4 Qf6 17. Qxf6 gxf6 18. Rad1 Bb7 19. c4 Rad8 20. cxd5 Bxd5 21. b3 Kf7 1/2-1/2

[Event "Sochi City Park op"]
[Site "Sochi"]
[Date "2022.09.21"]
[Round "7"]
[White "Gubernatorov, Sergey"]
[Black "Mokshanov, Alexey"]
[Result "1/2-1/2"]
[WhiteElo "2196"]
[BlackElo "2379"]
[PlyCount "59"]
[EventDate "2022.09.15"]
[EventType "swiss"]
[EventRounds "9"]
[EventCountry "RUS"]
[SourceTitle "EXT 2023"]
[Source "ChessBase"]
[SourceDate "2022.10.05"]
[SourceVersion "1"]
[SourceVersionDate "2022.10.05"]
[SourceQuality "1"]

1. Nf3 d5 2. g3 Bg4 3. Ne5 Bf5 4. d4 Nd7 5. Bg2 c6 6. 0-0 Nxe5 7. dxe5 Qb6 8. Nd2 0-0-0 9. e4 Bxe4 10. Nxe4 dxe4 11. Qg4+ e6 12. Be3 Qa5 13. Qxe4 Bc5 14. c3 Bxe3 15. Qxe3 Ne7 16. b4 Qb6 17. Qg5 Ng6 18. a4 h6 19. Qg4 h5 20. Qe4 Qc7 21. b5 Qxe5 22. Qc4 c5 23. a5 h4 24. Rfe1 Qd6 25. Qe4 Qd5 26. Qe3 Qf5 27. Be4 Qh5 28. Bf3 Qf5 29. Be4 Qh5 30. Bf3 1/2-1/2

[Event "Sochi City Park op"]
[Site "Sochi"]
[Date "2022.09.19"]
[Round "5"]
[White "Mokshanov, Alexey"]
[Black "Lugovskoy, Maxim"]
[Result "1/2-1/2"]
[WhiteElo "2379"]
[BlackElo "2397"]
[PlyCount "80"]
[EventDate "2022.09.15"]
[EventType "swiss"]
[EventRounds "9"]
[EventCountry "RUS"]
[SourceTitle "EXT 2023"]
[Source "ChessBase"]
[SourceDate "2022.10.05"]
[SourceVersion "1"]
[SourceVersionDate "2022.10.05"]
[SourceQuality "1"]

1. e4 e6 2. d4 d5 3. exd5 exd5 4. Nf3 Nc6 5. Bd3 Bd6 6. 0-0 Nge7 7. c3 Bg4 8. Nbd2 Qd7 9. Re1 0-0-0 10. b4 Ng6 11. b5 Nce7 12. Qa4 Kb8 13. Ne5 Bxe5 14. dxe5 d4 15. cxd4 Qxd4 16. Qxd4 Rxd4 17. Bf1 Rhd8 18. Ne4 h6 19. a4 Bf5 20. Ng3 Be6 21. h3 Nf5 22. Nxf5 Bxf5 23. Be3 R4d7 24. g4 Bd3 25. f4 Bxf1 26. Kxf1 b6 27. Rac1 Rd3 28. Rc4 Ra3 29. Re4 Ne7 30. f5 Nd5 31. Kf2 Kc8 32. Rd4 Nxe3 33. Rxd8+ Kxd8 34. Rxe3 Rxa4 35. e6 fxe6 36. Rxe6 Rd4 37. Kg3 Rd5 38. Rg6 Rd7 39. Kh4 Ke8 40. Rc6 Kf7 1/2-1/2

[Event "Sochi City Park op"]
[Site "Sochi"]
[Date "2022.09.18"]
[Round "4"]
[White "Oganian, Miran"]
[Black "Mokshanov, Alexey"]
[Result "1/2-1/2"]
[WhiteElo "2437"]
[BlackElo "2379"]
[PlyCount "90"]
[EventDate "2022.09.15"]
[EventType "swiss"]
[EventRounds "9"]
[EventCountry "RUS"]
[SourceTitle "EXT 2023"]
[Source "ChessBase"]
[SourceDate "2022.10.05"]
[SourceVersion "1"]
[SourceVersionDate "2022.10.05"]
[SourceQuality "1"]

1. d4 d5 2. c4 e6 3. Nf3 Nf6 4. g3 dxc4 5. Bg2 a6 6. 0-0 Nc6 7. Qd2 Rb8 8. Ne5 Nxe5 9. dxe5 Qxd2 10. Nxd2 Nd7 11. Nxc4 b6 12. Rd1 Bb7 13. Bxb7 Rxb7 14. Be3 Bc5 15. Bxc5 Nxc5 16. b4 Nd7 17. Rd3 Ke7 18. Rad1 Rd8 19. f4 Rbb8 20. Rc1 c5 21. bxc5 Nxc5 22. Rxd8 Kxd8 23. Nxb6 Rxb6 24. Rxc5 Rb2 25. Ra5 Rxe2 26. Rxa6 h5 27. h4 g6 28. Ra3 Ke7 29. Kf1 Rb2 30. Ra8 Kd7 31. a4 Kc6 32. Ra7 Kd5 33. Rxf7 Ke4 34. Rf6 Kf3 35. Ke1 Kxg3 36. Rxe6 Kxf4 37. Rxg6 Ra2 38. Rg5 Rxa4 39. Kd2 Re4 40. Rxh5 Rxe5 41. Rxe5 Kxe5 42. h5 Kf5 43. h6 Kg6 44. h7 Kg7 45. h8Q+ Kxh8 1/2-1/2

[Event "Titled Tuesday intern op 19th Apr Early"]
[Site "Chess.com INT"]
[Date "2022.04.19"]
[Round "3"]
[White "Belenkaya, Dina"]
[Black "Mokshanov, Alexey"]
[Result "0-1"]
[WhiteElo "2252"]
[BlackElo "2429"]
[PlyCount "76"]
[EventDate "2022.04.19"]
[EventType "swiss (blitz)"]
[EventRounds "11"]
[EventCountry "USA"]
[SourceTitle "EXT 2023"]
[Source "ChessBase"]
[SourceDate "2022.10.05"]
[SourceVersion "1"]
[SourceVersionDate "2022.10.05"]
[SourceQuality "1"]

1. e4 e6 2. d3 d5 3. Nd2 Nf6 4. g3 c5 5. Bg2 Nc6 6. Ngf3 Be7 7. 0-0 0-0 8. e5 Nd7 9. Re1 b5 10. Nf1 Bb7 11. h4 h6 12. Bf4 Qb6 13. Qd2 Rfc8 14. N1h2 Qd8 15. Ng4 Bf8 16. Kh2 a5 17. h5 a4 18. Nh4 a3 19. b3 b4 20. Rg1 Nd4 21. Bh1 Kh7 22. Ne3 Be7 23. Nf3 Nxf3+ 24. Bxf3 Bg5 25. Ng2 Nxe5 26. Be2 d4 27. Bxg5 Qxg5 28. f4 Ng4+ 29. Bxg4 Qxg4 30. Qd1 Bf3 31. Qf1 Qxh5+ 32. Nh4 Bd5 33. Qf2 g5 34. fxg5 hxg5 35. Raf1 f5 36. Rh1 gxh4 37. Rfg1 hxg3+ 38. Kxg3 Bxh1 0-1

[Event "Titled Tuesday intern op 05th Apr Early"]
[Site "Chess.com INT"]
[Date "2022.04.05"]
[Round "3"]
[White "Mokshanov, Alexey"]
[Black "Demin, Vladimir"]
[Result "1-0"]
[WhiteElo "2429"]
[BlackElo "2430"]
[PlyCount "57"]
[EventDate "2022.04.05"]
[EventType "swiss (blitz)"]
[EventRounds "11"]
[EventCountry "USA"]
[SourceTitle "CBM 207 Extra"]
[Source "ChessBase"]
[SourceDate "2022.05.31"]
[SourceVersion "1"]
[SourceVersionDate "2022.05.31"]
[SourceQuality "1"]

1. e4 c5 2. Nf3 Nc6 3. Bb5 d6 4. Bxc6+ bxc6 5. 0-0 e5 6. c3 Nf6 7. Re1 Bg4 8. d4 cxd4 9. cxd4 Be7 10. dxe5 Bxf3 11. Qxf3 dxe5 12. Nd2 0-0 13. Nc4 Qc7 14. b3 Nd7 15. Bb2 f6 16. Rac1 Nb6 17. Na5 c5 18. Ba3 Rad8 19. Qc3 Rc8 20. Red1 Rfd8 21. Rxd8+ Rxd8 22. g3 Nd7 23. b4 Rc8 24. b5 Nb6 25. Nc6 Na4 26. Qc4+ Kh8 27. Qxa4 a6 28. Nxe7 Qxe7 29. bxa6 1-0

[Event "Titled Tuesday intern op 18th Jan"]
[Site "Chess.com INT"]
[Date "2022.01.18"]
[Round "7"]
[White "Brunner, Nicolas"]
[Black "Mokshanov, Alexey"]
[Result "1-0"]
[WhiteElo "2423"]
[BlackElo "2429"]
[PlyCount "89"]
[EventDate "2022.01.18"]
[EventType "swiss (blitz)"]
[EventRounds "11"]
[EventCountry "USA"]
[SourceTitle "CBM 206 Extra"]
[Source "ChessBase"]
[SourceDate "2022.03.31"]
[SourceVersion "1"]
[SourceVersionDate "2022.03.31"]
[SourceQuality "1"]

1. d4 d5 2. c4 e6 3. Nf3 Nf6 4. g3 dxc4 5. Bg2 Nc6 6. Qa4 Bb4+ 7. Bd2 Bxd2+ 8. Nbxd2 0-0 9. Qxc4 Nd5 10. 0-0 Bd7 11. Ne4 b6 12. Rac1 Rc8 13. Nc3 Nce7 14. e4 Nxc3 15. Qxc3 c5 16. Qa3 cxd4 17. Nxd4 a5 18. Rfd1 Rxc1 19. Rxc1 e5 20. Ne2 Be6 21. Nc3 Nc6 22. Nd5 Bxd5 23. exd5 Nd4 24. Kh1 Qf6 25. Qe3 Qd6 26. f4 f6 27. fxe5 fxe5 28. Be4 h6 29. Kg2 Qb4 30. Qc3 Qd6 31. Qc7 Qf6 32. d6 Qf2+ 33. Kh3 Qe2 34. Bd5+ Kh7 35. Qe7 Rf2 36. Rh1 Nf5 37. Qe8 Qe3 38. Qg8+ Kg6 39. Qf7+ Kg5 40. Rg1 Qe2 41. Rh1 Qe3 42. Rg1 Qd2 43. Rh1 Nxg3 44. Qxg7+ Kh5 45. Qg4# 1-0

[Event "Titled Tuesday intern op 18th Jan"]
[Site "Chess.com INT"]
[Date "2022.01.18"]
[Round "5"]
[White "Kaufman, Raymond"]
[Black "Mokshanov, Alexey"]
[Result "1/2-1/2"]
[WhiteElo "2255"]
[BlackElo "2429"]
[PlyCount "118"]
[EventDate "2022.01.18"]
[EventType "swiss (blitz)"]
[EventRounds "11"]
[EventCountry "USA"]
[SourceTitle "CBM 206 Extra"]
[Source "ChessBase"]
[SourceDate "2022.03.31"]
[SourceVersion "1"]
[SourceVersionDate "2022.03.31"]
[SourceQuality "1"]

1. e4 e6 2. d4 d5 3. Nc3 Nf6 4. e5 Nfd7 5. f4 c5 6. Nf3 Nc6 7. Be3 Be7 8. Qd2 0-0 9. dxc5 Bxc5 10. 0-0-0 Qa5 11. Bxc5 Nxc5 12. Kb1 Rb8 13. Nd4 a6 14. Nxc6 bxc6 15. Nxd5 Qa3 16. Qc3 Rxb2+ 17. Qxb2 Qxb2+ 18. Kxb2 cxd5 19. c4 Bb7 20. Be2 dxc4 21. Bxc4 Bxg2 22. Rhg1 Be4 23. Rd6 Rb8+ 24. Kc3 g6 25. Kd4 Rc8 26. Rd1 Bf3 27. Rf1 Bg2 28. Rb1 Kg7 29. Bxa6 Nxa6 30. Rxa6 Bd5 31. Rb4 Rc2 32. a4 Rxh2 33. a5 h5 34. Rd6 Ra2 35. a6 h4 36. Rb1 h3 37. Rxd5 exd5 38. Rh1 Rxa6 39. Rxh3 Ra4+ 40. Ke3 Re4+ 41. Kf3 g5 42. fxg5 Kg6 43. Rh6+ Kxg5 44. Rf6 Rxe5 45. Rxf7 Rf5+ 46. Rxf5+ Kxf5 47. Ke3 Ke5 48. Kd3 d4 49. Kd2 Ke4 50. Ke2 d3+ 51. Kd2 Kd4 52. Kd1 Kd5 53. Kd2 Ke4 54. Kd1 Ke3 55. Ke1 Kd4 56. Kd2 Kc4 57. Kd1 Kc3 58. Kc1 d2+ 59. Kd1 Kd3 1/2-1/2

[Event "Titled Tuesday intern op 18th Jan"]
[Site "Chess.com INT"]
[Date "2022.01.18"]
[Round "10"]
[White "Mokshanov, Alexey"]
[Black "Kanyamarala, Tarun"]
[Result "1-0"]
[WhiteElo "2429"]
[BlackElo "2398"]
[PlyCount "65"]
[EventDate "2022.01.18"]
[EventType "swiss (blitz)"]
[EventRounds "11"]
[EventCountry "USA"]
[SourceTitle "CBM 206 Extra"]
[Source "ChessBase"]
[SourceDate "2022.03.31"]
[SourceVersion "1"]
[SourceVersionDate "2022.03.31"]
[SourceQuality "1"]

1. e4 c5 2. Nf3 Nc6 3. Bb5 e6 4. Bxc6 bxc6 5. d3 Ne7 6. 0-0 d6 7. e5 Nf5 8. exd6 Bxd6 9. Nc3 0-0 10. b3 e5 11. Ne4 Be7 12. a4 Qd5 13. Ba3 Rd8 14. c4 Qe6 15. Bxc5 Bxc5 16. Nxc5 Qg6 17. Qe2 f6 18. Qe4 Rd6 19. Rad1 Rb8 20. Rfe1 a5 21. d4 Nxd4 22. Nxd4 Qxe4 23. Rxe4 Rxd4 24. Rdxd4 exd4 25. Rxd4 Bf5 26. g4 Bc2 27. Rd2 Bg6 28. f4 h5 29. h3 hxg4 30. hxg4 Ra8 31. Kf2 Re8 32. Rd6 f5 33. Rxg6 1-0

[Event "Titled Tuesday intern op 11th Jan"]
[Site "Chess.com INT"]
[Date "2022.01.11"]
[Round "5"]
[White "Mokshanov, Alexey"]
[Black "Narayanan, Sunilduth Lyna"]
[Result "1-0"]
[WhiteElo "2429"]
[BlackElo "2658"]
[PlyCount "85"]
[EventDate "2022.01.11"]
[EventType "swiss (blitz)"]
[EventRounds "11"]
[EventCountry "USA"]
[SourceTitle "CBM 206 Extra"]
[Source "ChessBase"]
[SourceDate "2022.03.31"]
[SourceVersion "1"]
[SourceVersionDate "2022.03.31"]
[SourceQuality "1"]

1. e4 c6 2. d4 d5 3. e5 Bf5 4. h4 h5 5. c4 e6 6. Nc3 dxc4 7. Bxc4 Ne7 8. Nge2 Nd7 9. Bg5 Nb6 10. Bd3 Bxd3 11. Qxd3 Qd7 12. Ne4 Nf5 13. 0-0 Nd5 14. N2g3 Be7 15. Bxe7 Ndxe7 16. Rad1 Rd8 17. Qa3 a6 18. Rfe1 Nxh4 19. Nd6+ Kf8 20. Nge4 c5 21. Nxc5 Qc6 22. d5 Nxd5 23. Ncxb7 Ne3 24. Ne4+ Kg8 25. Rxd8+ Kh7 26. Rxh8+ Kxh8 27. Qxe3 Qxb7 28. Rd1 Nf5 29. Qf3 Qc7 30. Qxh5+ Nh6 31. Qg5 Qc2 32. Re1 Qxb2 33. Qd8+ Kh7 34. Ng5+ Kg6 35. Nf3 Qxa2 36. Qg5+ Kh7 37. Qd2 Qc4 38. Rd1 Qg4 39. Qd3+ Nf5 40. Kf1 a5 41. Nd4 a4 42. Nxf5 exf5 43. Qh3+ 1-0

[Event "Titled Tuesday intern op 11th Jan"]
[Site "Chess.com INT"]
[Date "2022.01.11"]
[Round "11"]
[White "Mokshanov, Alexey"]
[Black "Rustemov, Alexander"]
[Result "0-1"]
[WhiteElo "2429"]
[BlackElo "2525"]
[PlyCount "42"]
[EventDate "2022.01.11"]
[EventType "swiss (blitz)"]
[EventRounds "11"]
[EventCountry "USA"]
[SourceTitle "CBM 206 Extra"]
[Source "ChessBase"]
[SourceDate "2022.03.31"]
[SourceVersion "1"]
[SourceVersionDate "2022.03.31"]
[SourceQuality "1"]

1. e4 e6 2. d4 d5 3. e5 c5 4. c3 Qb6 5. Nf3 Bd7 6. a3 Bb5 7. Bxb5+ Qxb5 8. a4 Qd7 9. dxc5 Bxc5 10. b4 Bb6 11. 0-0 Ne7 12. Na3 Nbc6 13. Nb5 0-0 14. a5 Bc7 15. Nxc7 Qxc7 16. Re1 Rfc8 17. Bd2 a6 18. h4 h6 19. Qe2 Na7 20. Rac1 Qc4 21. Qe3 Nb5 0-1

[Event "Titled Tuesday intern op 11th Jan"]
[Site "Chess.com INT"]
[Date "2022.01.11"]
[Round "2"]
[White "Tsotsonava, Elene"]
[Black "Mokshanov, Alexey"]
[Result "0-1"]
[WhiteElo "2007"]
[BlackElo "2429"]
[PlyCount "78"]
[EventDate "2022.01.11"]
[EventType "swiss (blitz)"]
[EventRounds "11"]
[EventCountry "USA"]
[SourceTitle "CBM 206 Extra"]
[Source "ChessBase"]
[SourceDate "2022.03.31"]
[SourceVersion "1"]
[SourceVersionDate "2022.03.31"]
[SourceQuality "1"]

1. d4 d5 2. Bf4 Nf6 3. Nd2 c5 4. c3 Nc6 5. e3 cxd4 6. exd4 g6 7. Ngf3 Bg7 8. Bd3 0-0 9. 0-0 Bf5 10. Qe2 Bxd3 11. Qxd3 e6 12. Rfe1 Nh5 13. Bg5 Bf6 14. Bxf6 Qxf6 15. g3 Ng7 16. Ne5 Nxe5 17. dxe5 Qe7 18. Nb3 Rac8 19. Nd4 Rc4 20. h3 Nf5 21. Nxf5 gxf5 22. Kh2 Kh8 23. f4 Rfc8 24. Qf3 b5 25. a3 a5 26. Re3 b4 27. axb4 axb4 28. Rd1 bxc3 29. bxc3 Qa3 30. Rdd3 Qb2+ 31. Re2 Qc1 32. Ree3 d4 33. Rxd4 Rxc3 34. Rxc3 Rxc3 35. Qd1 Qe3 36. Rd8+ Kg7 37. Qd2 Qxg3+ 38. Kh1 Qxh3+ 39. Kg1 Rg3+ 0-1

[Event "Chigorin Memorial 28th"]
[Site "St Petersburg"]
[Date "2021.10.31"]
[Round "9"]
[White "Sapenov, Daniyal"]
[Black "Mokshanov, Alexey"]
[Result "0-1"]
[WhiteElo "2189"]
[BlackElo "2444"]
[PlyCount "82"]
[EventDate "2021.10.23"]
[EventType "swiss"]
[EventRounds "9"]
[EventCountry "RUS"]
[SourceTitle "EXT 2023"]
[Source "ChessBase"]
[SourceDate "2022.10.05"]
[SourceVersion "1"]
[SourceVersionDate "2022.10.05"]
[SourceQuality "1"]

1. d4 d5 2. c4 e6 3. Nf3 Nf6 4. g3 dxc4 5. Bg2 a6 6. 0-0 Nc6 7. e3 Rb8 8. Nfd2 e5 9. Bxc6+ bxc6 10. dxe5 Ng4 11. Nxc4 Be6 12. Nbd2 h5 13. f3 Rb4 14. fxg4 Bxc4 15. Nxc4 Qxd1 16. Rxd1 Rxc4 17. Bd2 Rxg4 18. Ba5 Bc5 19. Kf2 Bb6 20. Bxb6 cxb6 21. Rd6 Rc4 22. Rad1 0-0 23. R1d4 Rc2+ 24. Rd2 Rxd2+ 25. Rxd2 Re8 26. Rd6 Re6 27. Rxe6 fxe6 28. b4 h4 29. gxh4 Kh7 30. e4 Kh6 31. Ke3 Kh5 32. Kd4 Kxh4 33. a4 g5 34. a5 bxa5 35. bxa5 Kh3 36. Kc5 g4 37. Kd6 Kxh2 38. Kxe6 g3 39. Kf7 g2 40. e6 g1Q 41. e7 Qf1+ 0-1